000 00627nam a2200157Ia 4500
008 220216s9999 xx 000 0 und d
100 _aAlex R
245 0 _aSurfactant sensitized coagulation of natural rubber latex and its application in processing of rubber
260 _bNational Seminar on New Composites: The materials for Chemical and Allied Industries, 4-5 October 2013, Institution of Engineers and Indian Rubber Institute, Udaipur, India, Souvenir, p. 133.
650 _aCoagulation
650 _aNatural rubber latex
650 _aRubber processing
650 _aSurfactant
856 _uRef only
942 _cJS
999 _c70025
_d70025